00725 2200241 4500001002100000005001700021008004100038020002200079035002500101040001200126082001600138084001600154090001600170100001800186245010200204260004200306300003600348650002400384700003300408850001200441999001500453999001500468YOGYA-1010000000192320150623111924.0 ind  a978-979-22-4071-9 a0010-101000000001923 aYOPDYOG a650.1 Ass A a650.1 Ass A a650.1 Ass A aAssaraf, John aThe answer: mencapai sukses bisnis, meraih kebebasan finansial, memiliki hidup yang berkelimpahan aJakartabGramedia Pustaka Utamac2008 axiv, 339 hlm . ; 23 cm. (2 eks) aSukses dalam bisnis aSmith, Murray; Purwoko, Susi aYOPDYOG a10BKS01089 a10BKS01090